[Event "Canadian zt (Women)"]
[Site "Toronto"]
[Date "2024.04.02"]
[Round "9"]
[White "Sreekumar, Gauri"]
[Black "Demchenko, Svitlana"]
[Result "0-1"]
[WhiteElo "1590"]
[BlackElo "2141"]
[PlyCount "120"]
[EventDate "2024.03.28"]
[EventType "team-swiss"]
[EventRounds "9"]
[EventCountry "CAN"]
[SourceTitle "CB15_2024"]
[SourceDate "2024.04.10"]
[SourceVersion "1"]
[SourceVersionDate "2024.04.10"]
[SourceQuality "1"]

1. d4 f5 2. Nc3 Nf6 3. Bg5 d5 4. Bxf6 exf6 5. e3 Be6 6. Bd3 Qd7 7. Nge2 Nc6 8. Nf4 g6 9. Qf3 Bb4 10. 0-0 Ne7 11. a3 Bxc3 12. bxc3 Bf7 13. Rab1 c6 14. Rb4 Nc8 15. Rfb1 Nd6 16. a4 Kf8 17. h4 h5 18. Qg3 Rg8 19. Qh3 Re8 20. Kh1 Re7 21. Kg1 Qe8 22. Qh2 Qd8 23. Qh3 g5 24. hxg5 fxg5 25. Ne2 Bg6 26. Qg3 Re8 27. c4 a5 28. Rxb7 Nxb7 29. Rxb7 Rg7 30. Rxg7 Kxg7 31. cxd5 cxd5 32. Bb5 Re6 33. c4 h4 34. Qf3 dxc4 35. Bxc4 Rb6 36. Bb5 Qc7 37. Qd5 Rf6 38. Qc5 Rf7 39. Nc3 Qxc5 40. dxc5 Rc7 41. c6 Bf7 42. e4 Kf6 43. Nd5+ Bxd5 44. exd5 Ke5 45. Bc4 Kd6 46. Kh2 Re7 47. g3 Re4 48. Bb5 Rd4 49. gxh4 Rxh4+ 50. Kg3 Rd4 51. c7 Kxc7 52. Bc6 Kd6 53. Kf3 Rxd5 54. Bxd5 Kxd5 55. Ke3 Kc4 56. f3 Kb3 57. Kd4 Kxa4 58. Ke5 g4 59. fxg4 fxg4 60. Kf4 Kb3 0-1

[Event "Canadian zt (Women)"]
[Site "Toronto"]
[Date "2024.03.28"]
[Round "2"]
[White "Sreekumar, Gauri"]
[Black "Guan, Isabelle"]
[Result "1/2-1/2"]
[WhiteElo "1590"]
[BlackElo "1474"]
[PlyCount "98"]
[EventDate "2024.03.28"]
[EventType "team-swiss"]
[EventRounds "9"]
[EventCountry "CAN"]
[SourceTitle "CB15_2024"]
[SourceDate "2024.04.10"]
[SourceVersion "1"]
[SourceVersionDate "2024.04.10"]
[SourceQuality "1"]

1. d4 Nf6 2. c4 e6 3. g3 d6 4. Bg2 g6 5. Nf3 Bg7 6. 0-0 Nc6 7. Nc3 Qe7 8. e3 e5 9. d5 Nb8 10. e4 Bg4 11. Qb3 c6 12. Rd1 0-0 13. Be3 Qc7 14. dxc6 Nxc6 15. Nb5 Qe7 16. Nxd6 b6 17. h3 Be6 18. Ng5 Rad8 19. Nxe6 fxe6 20. Nb5 Nd7 21. Rd2 Nc5 22. Qd1 a6 23. Bxc5 Qxc5 24. Nc7 Qe7 25. Nxa6 Qa7 26. Rxd8 Rxd8 27. Qa4 Rc8 28. b4 Qe7 29. b5 Nd4 30. Qd1 Rxc4 31. Bf1 Rc8 32. Rc1 Rf8 33. Be2 Qg5 34. Bg4 h5 35. Bxe6+ Nxe6 36. Rc6 Qf6 37. f3 Qf7 38. Rxb6 Qa7 39. Qd6 Re8 40. Kg2 Bf8 41. Qc6 Re7 42. a4 Nd4 43. Qd5+ Kh7 44. a5 Bg7 45. Qd6 Re6 46. Qc7 Re7 47. Qd6 Re6 48. Qc7 Re7 49. Qd6 Re6 1/2-1/2